Normal view
MARC view
- اللغة العربية- معاجم
Entry Topical Term
001 - CONTROL NUMBER
- control field: 57192
003 - CONTROL NUMBER IDENTIFIER
- control field: JO-AjAnu
005 - DATE AND TIME OF LATEST TRANSACTION
- control field: 20230606083352.0
008 - FIXED-LENGTH DATA ELEMENTS
- fixed length control field: 230606|| aca||aabn | a|a d
040 ## - CATALOGING SOURCE
- Original cataloging agency: JO-AjAnu
- Transcribing agency: JO-AjAnu
150 ## - HEADING--TOPICAL TERM
- Topical term or geographic name entry element: اللغة العربية- معاجم
670 ## - SOURCE DATA FOUND
- Source citation: Work cat.: (JO-AjAnu)29181: الرازي، زين الدين محمد بن ابي بكر بن عبد القادر ؛ تحقيق أحمد ابراهيم زهوة, author 57191, مختار الصحاح